[Event "Berlin SF Neukoelln op 3rd"]
[Site "Berlin"]
[Date "2004.03.12"]
[Round "6"]
[White "Sliadnev, Jouri"]
[Black "Stiewe, Frank"]
[Result "1-0"]
[WhiteElo "1708"]
[BlackElo "1271"]
[PlyCount "73"]
[EventDate "2004.02.07"]
[EventType "swiss"]
[EventRounds "7"]
[EventCountry "GER"]
[SourceTitle "EXT 2022"]
[Source "ChessBase"]
[SourceDate "2021.10.06"]
[SourceVersion "1"]
[SourceVersionDate "2021.10.06"]
[SourceQuality "1"]

1. e4 c5 2. Nc3 Nc6 3. g3 e6 4. Bg2 Be7 5. Nge2 Nf6 6. 0-0 d6 7. d4 cxd4 8. Nxd4 0-0 9. Re1 Nxd4 10. Qxd4 e5 11. Qd1 Ne8 12. Nd5 Be6 13. c4 Rc8 14. Qb3 b6 15. Bf1 Nc7 16. Qa4 Ra8 17. Be3 Nxd5 18. cxd5 Bd7 19. Qa3 Bc8 20. Rac1 f5 21. f3 fxe4 22. fxe4 Bg4 23. h3 Bh5 24. Rc2 Qd7 25. Bg2 Rf7 26. Bxb6 Raf8 27. Qxa7 Qb5 28. Qa5 Qd3 29. Qc3 Qa6 30. Ba5 Bg5 31. Bb4 Qa7+ 32. Kh2 Rf2 33. Bxd6 Rxc2 34. Qxc2 Qf2 35. Rf1 Qxf1 36. Bxf1 Rxf1 37. Qc8+ 1-0

[Event "Berlin SF Neukoelln op 3rd"]
[Site "Berlin"]
[Date "2004.02.27"]
[Round "4"]
[White "Sliadnev, Jouri"]
[Black "Berg, Gerd"]
[Result "0-1"]
[WhiteElo "1708"]
[BlackElo "1386"]
[PlyCount "120"]
[EventDate "2004.02.07"]
[EventType "swiss"]
[EventRounds "7"]
[EventCountry "GER"]
[SourceTitle "EXT 2022"]
[Source "ChessBase"]
[SourceDate "2021.10.06"]
[SourceVersion "1"]
[SourceVersionDate "2021.10.06"]
[SourceQuality "1"]

1. e4 c5 2. Nc3 a6 3. g3 Nc6 4. Bg2 e5 5. d3 Nf6 6. f4 d6 7. f5 g6 8. fxg6 hxg6 9. Bg5 Be7 10. Nf3 Be6 11. Qd2 Ng4 12. Bxe7 Nxe7 13. h3 Nf6 14. Ng5 Qd7 15. Qf2 Nh7 16. Nxe6 fxe6 17. Qe2 0-0-0 18. h4 Nf6 19. Bh3 Kb8 20. 0-0-0 Nc6 21. Rdf1 Nd4 22. Qd1 Qe7 23. Rh2 Nd7 24. Rhf2 Rhf8 25. Ne2 Rxf2 26. Rxf2 Rf8 27. Rxf8+ Nxf8 28. c3 Nxe2+ 29. Qxe2 Qf7 30. Kd2 b5 31. Ke3 d5 32. Qf3 d4+ 33. Kf2 Qg7 34. Bg4 Kc7 35. h5 Kd6 36. hxg6 Nxg6 37. Bh5 Ne7 38. Bf7 Qh6 39. Kf1 Nc6 40. Bh5 Qg7 41. Qg4 Qf8+ 42. Qf3 Qxf3+ 43. Bxf3 b4 44. a3 a5 45. c4 Ne7 46. Kf2 Ng8 47. Ke1 Ke7 48. Kf2 Kf6 49. Kg2 Nh6 50. Kh3 Nf7 51. Kh4 Ng5 52. Bg4 Kg6 53. Be2 Kf6 54. Bh5 Nh7 55. Be8 Ng5 56. Kg4 Nh7 57. Kh5 Ng5 58. Kh6 Nf3 59. g4 Ng5 60. Bg6 Nf3 0-1

[Event "Berlin Neukoelln op 7th"]
[Site "Berlin"]
[Date "2001.05.18"]
[Round "2"]
[White "Sliadnev, Jouri"]
[Black "Heyne, Klaus"]
[Result "1-0"]
[WhiteElo "1745"]
[BlackElo "1267"]
[PlyCount "59"]
[EventDate "2001.05.11"]
[EventType "swiss"]
[EventRounds "7"]
[EventCountry "GER"]
[SourceTitle "EXT 2022"]
[Source "ChessBase"]
[SourceDate "2021.10.06"]
[SourceVersion "1"]
[SourceVersionDate "2021.10.06"]
[SourceQuality "1"]

1. e4 c5 2. Nc3 a6 3. g3 d6 4. Bg2 e5 5. d3 Nf6 6. f4 exf4 7. Bxf4 Nc6 8. Nf3 Bg4 9. Ne2 Bxf3 10. Bxf3 Be7 11. 0-0 0-0 12. c3 Rc8 13. d4 cxd4 14. cxd4 b5 15. Rc1 Na7 16. Qb3 Rxc1 17. Rxc1 a5 18. Qc3 b4 19. Qc7 Nc8 20. Qxd8 Rxd8 21. Rc6 Na7 22. Ra6 Rd7 23. Rxa5 Nc6 24. Ra8+ Bd8 25. b3 h6 26. Bd2 g5 27. Bg2 Kg7 28. d5 Bb6+ 29. Kh1 Na7 30. Bxb4 1-0